1820 1979 1845 1382 1263 1086 1659 1585 1268 1860 1529 1369 1271 1969 1045 1314 1206 1720 1065 1290 1756 1597 1721 1961 1401 1097 1957 1173 1879 1962 1914 1789 1568 1169 1611 1961 1836 1781 1740 1545 1562 1071 1109 1746 1385 1911 1983 1418 1208 1183 1046 1184 1702 1439 1707 1582 1626 1787 1898 1723 1240 1582 1332 1773 1587 1359 1099 1516 1509 1243 1939 1483 1479 1299 1804 1660 1656 1266 1241 1529 1995 1463 1431 1896 1934 1154 1964 1437 1909 1819 1759 1757 1721 1402 1062 1791 1819 1150 1232 BCNSPRNW ULIB Ver.6.0+V

เปลี่ยนเป็นภาษาไทย

Change to English
 แสดงรายละเอียดบรรณานุกรม
  กลับหน้าหลัก

Brief Record : Get Marc (ISO 2709) : E-mail record : QR code < ปิดหน้าต่าง
LEADER : 00000nam 2200000uu 4500
001    13399111775
003     ULIB
008    110627s2551||||th 000 0 tha d
020    9789741091379
090    นว.^bB111พ 2551
100 0  Baiboau
245 00 เพลิงแค้นซานตาน = Kiss from satan/^cBaiboau
250    พิมพ์ครั้งที่ 1
260    กรุงเทพฯ :^bปริ๊นเซส,^c2551
300    339 หน้า
945    ^p200^l0^i024468
995    ทศพร
999 ^a ใช้งานได้ทุกระบบ
รายการนี้ยังไม่มีแท็ก
คุณยังไม่ได้ล็อกอิน คุณสามารถมีกิจกรรมร่วมกับเว็บไซต์ได้ แต่ต้องล็อกอินก่อน ::
  ล็อกอิน

รายการสื่อสารสนเทศ

ลำดับที่ ประเภท เลขเรียก/บาร์โค้ด สถานที่ สถานะ
- ไม่พบข้อมูล -

รายการใกล้เคียง
    ผู้แต่ง [Baiboau]

BibComment


ยังไม่เคยถูกคอมเมนท์

คอมเมนท์ทรัพยากรรายการนี้
  คอมเมนท์: เพลิงแค้นซานตาน ..


 Copyright 2026. Bcnsprnw @Library